JR東海 鉄道車両クイズ - Statistics

General Stats
  • This quiz has been taken 44 times
  • The average score is 10 of 32
Answer Stats
Picture Answer % Correct
0系
84%
100系
84%
300系
82%
315系
74%
311系
66%
373系
63%
HC85系
61%
383系
58%
115系
50%
313系0番台
50%
113系
47%
N700系0番台
47%
371系
42%
700系0番台
42%
165系
29%
211系5000番台
29%
213系5000番台
24%
117系0番台
16%
キハ75形0番台
13%
923形0番台
13%
キヤ95系
13%
キハ25形1000番台
11%
キハ11形100番台
8%
キヤ97系
8%
N700S0番台
8%
119系5000番台
5%
381形10番台
3%
911形
3%
922形10番台
3%
N700A4000番台
3%
123系5040番台
0%
L0系900番台
0%
No matching quizzes found
Score Distribution
Percent of People with Each Score
Percentile by Number Answered
Your Score History
You have not taken this quiz